Research & Referencing/ (Record no. 4844)
[ view plain ]
| 000 -LEADER | |
|---|---|
| fixed length control field | 00760nac a22002171u 4500 |
| 020 ## - INTERNATIONAL STANDARD BOOK NUMBER | |
| International Standard Book Number | 9781859649244 |
| 082 ## - DEWEY DECIMAL CLASSIFICATION NUMBER | |
| Classification number | 371.30281 |
| Item number | M2832 |
| 090 ## - LOCALLY ASSIGNED LC-TYPE CALL NUMBER (OCLC); LOCAL CALL NUMBER (OCLC) | |
| -- | 4843 |
| -- | 4843 |
| 100 ## - MAIN ENTRY--PERSONAL NAME | |
| Personal name | Manning, Anthony |
| 245 ## - TITLE STATEMENT | |
| Title | Research & Referencing/ |
| Statement of responsibility, etc | Anthony Manning & Andrew O'cean with Jane Brooks |
| Number of part/section of a work | Module10 |
| Name of part/section of a work | Course book |
| 260 ## - PUBLICATION, DISTRIBUTION, ETC. (IMPRINT) | |
| Place of publication, distribution, etc | London: |
| Name of publisher, distributor, etc | Garnet pub.,2007 |
| Date of publication, distribution, etc | 2007 |
| 300 ## - PHYSICAL DESCRIPTION | |
| Extent | 38 p.: |
| Other physical details | ill.; |
| Dimensions | 23 cm. |
| 440 ## - | |
| -- | university foundation study |
| 650 ## - SUBJECT ADDED ENTRY--TOPICAL TERM | |
| Topical term or geographic name as entry element | Test-taking skills |
| 650 ## - SUBJECT ADDED ENTRY--TOPICAL TERM | |
| Topical term or geographic name as entry element | Study skills |
| 650 ## - SUBJECT ADDED ENTRY--TOPICAL TERM | |
| Topical term or geographic name as entry element | Life skills |
| 700 ## - ADDED ENTRY--PERSONAL NAME | |
| Personal name | O'cean,Andrew |
| 700 ## - ADDED ENTRY--PERSONAL NAME | |
| Personal name | Brooks, Jane |
| 942 ## - ADDED ENTRY ELEMENTS (KOHA) | |
| Item type | NB - Book (Non borrowing) |
| Call number prefix | 371.30281M2832 |
| Withdrawn status | Item status | Damaged status | Not for loan | Home library | Current library | Shelving location | Date acquired | Source of acquisition | Total Checkouts | Full call number | Barcode | Date last seen | Koha item type | Date last borrowed |
|---|---|---|---|---|---|---|---|---|---|---|---|---|---|---|
| Central Library | Central Library | First floor | 25/09/2007 | Purchase | 371.30281 MAN | 000006061 | 15/07/2025 | NB - Book (Non borrowing) | ||||||
| Central Library | Central Library | First floor | 25/09/2007 | Purchase | 1 | 371.30281 MAN | 000006060 | 15/07/2025 | Book - Borrowing | 04/08/2011 |